[Event "Swiss Queens Wed #14"]
[Site "FIDE Online Arena INT"]
[Date "2024.05.01"]
[Round "7"]
[White "Gomez Barrera, Javiera Belen"]
[Black "Shanmathi Sree, S."]
[Result "1-0"]
[WhiteElo "2209"]
[BlackElo "1801"]
[PlyCount "83"]
[EventDate "2024.05.01"]
[EventType "swiss (blitz)"]
[EventRounds "11"]
[EventCountry "NET"]
[SourceTitle "CB19_2024"]
[SourceDate "2024.05.08"]
[SourceVersion "1"]
[SourceVersionDate "2024.05.08"]
[SourceQuality "1"]

1. e4 d6 2. d4 Nf6 3. Nc3 c6 4. Be3 g6 5. Nf3 Bg7 6. h3 Qa5 7. Qd2 e5 8. Bd3 Nbd7 9. a3 0-0 10. 0-0 exd4 11. Nxd4 Rd8 12. f4 Nc5 13. b4 Qc7 14. bxc5 dxc5 15. e5 cxd4 16. exf6 dxe3 17. Qxe3 Bxf6 18. Ne2 Bxa1 19. Rxa1 Be6 20. Kh1 Qb6 21. Qe5 Rd5 22. Qf6 Qd8 23. Qc3 Rd7 24. Ng3 Qh4 25. Ne4 Rdd8 26. f5 Bd5 27. Nf6+ Kf8 28. Kh2 Qf4+ 29. Kg1 Qe3+ 30. Kh2 Qf4+ 31. Kh1 Qg5 32. Nxh7+ Ke7 33. Nxg5 Rh8 34. Qe5+ Kd7 35. fxg6 Rxh3+ 36. Nxh3 fxg6 37. Bxg6 Rg8 38. Bf5+ Kd8 39. Qd6+ Ke8 40. Re1+ Kf7 41. Re7+ Kf8 42. Qd8# 1-0

[Event "Swiss Queens Wed #14"]
[Site "FIDE Online Arena INT"]
[Date "2024.05.01"]
[Round "6"]
[White "Shanmathi Sree, S."]
[Black "Ovezdurdiyeva, Jemal"]
[Result "1-0"]
[WhiteElo "1801"]
[BlackElo "2063"]
[PlyCount "117"]
[EventDate "2024.05.01"]
[EventType "swiss (blitz)"]
[EventRounds "11"]
[EventCountry "NET"]
[SourceTitle "CB19_2024"]
[SourceDate "2024.05.08"]
[SourceVersion "1"]
[SourceVersionDate "2024.05.08"]
[SourceQuality "1"]

1. e4 d6 2. d4 Nf6 3. Nc3 g6 4. Nf3 c6 5. Be3 Bg7 6. Bd3 b5 7. Qd2 b4 8. Ne2 a5 9. Bh6 0-0 10. Bxg7 Kxg7 11. 0-0-0 Qb6 12. h4 h5 13. e5 dxe5 14. dxe5 Nh7 15. Ng5 a4 16. Nxh7 Kxh7 17. Qg5 b3 18. cxb3 axb3 19. a3 Nd7 20. Qxh5+ Kg7 21. Qg5 Qc5+ 22. Kd2 Qxe5 23. Qxe5+ Nxe5 24. Kc3 Be6 25. Nf4 Rab8 26. Rhe1 Nxd3 27. Rxd3 Bd5 28. Rxe7 Kf6 29. Nxd5+ cxd5 30. Rc7 Ke6 31. Kd4 Rfe8 32. Re3+ Kd6 33. Rxf7 Rxe3 34. fxe3 Rc8 35. Rf6+ Ke7 36. Rxg6 Rc2 37. Rb6 Rxb2 38. Kc3 Rxg2 39. Rxb3 Rh2 40. Rb4 Rh3 41. Kd3 Kd6 42. Rg4 Kc5 43. a4 Kb6 44. Kd4 Ka5 45. Kxd5 Rxe3 46. h5 Rh3 47. Rg5 Kxa4 48. Ke6 Kb4 49. Kf6 Kc4 50. Kg7 Ra3 51. h6 Ra7+ 52. Kh8 Ra8+ 53. Rg8 Ra7 54. Rg7 Ra8+ 55. Kh7 Kd5 56. Kg6 Ra1 57. h7 Rg1+ 58. Kf7 Rh1 59. Kg8 1-0

[Event "Swiss Queens Wed #8"]
[Site "FIDE Online Arena INT"]
[Date "2024.03.20"]
[Round "5"]
[White "Shanmathi Sree, S."]
[Black "Farhat, Salam"]
[Result "1-0"]
[WhiteElo "1802"]
[BlackElo "1855"]
[PlyCount "99"]
[EventDate "2024.03.20"]
[EventType "swiss (blitz)"]
[EventRounds "11"]
[EventCountry "NET"]
[SourceTitle "CB13_2024"]
[SourceDate "2024.03.27"]
[SourceVersion "1"]
[SourceVersionDate "2024.03.27"]
[SourceQuality "1"]

1. e4 c5 2. Nf3 d6 3. d4 cxd4 4. Nxd4 Nf6 5. Nc3 g6 6. Be3 Bg7 7. f3 0-0 8. Qd2 Nc6 9. 0-0-0 a6 10. g4 Ne5 11. Be2 b5 12. g5 Nfd7 13. f4 Nc4 14. Bxc4 bxc4 15. Nc6 Qe8 16. Nd5 Bb7 17. Nc7 Bxc6 18. Nxe8 Rfxe8 19. Rhe1 Bxe4 20. Bd4 e5 21. fxe5 dxe5 22. Bc3 Bf5 23. Qd5 Nb6 24. Qa5 Rab8 25. Rd6 Re6 26. Rxe6 Bxe6 27. Bxe5 Bxe5 28. Rxe5 Nd5 29. Rxd5 Bxd5 30. Qxd5 Rc8 31. c3 Kf8 32. Qd6+ Ke8 33. Qxa6 Rd8 34. Qxc4 Ke7 35. Qe4+ Kd7 36. Qd4+ Kc8 37. Qc5+ Kb8 38. Qb6+ Kc8 39. a4 Rd7 40. a5 Rb7 41. Qc6+ Kb8 42. a6 Ra7 43. b4 Rc7 44. Qb6+ Kc8 45. a7 Rxa7 46. Qxa7 Kd8 47. Qxf7 Kc8 48. b5 Kb8 49. b6 Ka8 50. Qa7# 1-0

[Event "Swiss Queens Wed #8"]
[Site "FIDE Online Arena INT"]
[Date "2024.03.20"]
[Round "3"]
[White "Shanmathi Sree, S."]
[Black "Theephigaa, KP."]
[Result "0-1"]
[WhiteElo "1802"]
[BlackElo "1692"]
[PlyCount "140"]
[EventDate "2024.03.20"]
[EventType "swiss (blitz)"]
[EventRounds "11"]
[EventCountry "NET"]
[SourceTitle "CB13_2024"]
[SourceDate "2024.03.27"]
[SourceVersion "1"]
[SourceVersionDate "2024.03.27"]
[SourceQuality "1"]

1. e4 e5 2. Nf3 Nc6 3. Bc4 Nf6 4. d3 Bc5 5. c3 d6 6. Bb3 a6 7. Nbd2 Ba7 8. h3 h6 9. Nf1 Qe7 10. Ng3 Bd7 11. Qe2 0-0-0 12. Bc2 Rhe8 13. Be3 Bxe3 14. Qxe3 Kb8 15. b4 d5 16. a4 d4 17. Qe2 dxc3 18. b5 axb5 19. axb5 Nd4 20. Nxd4 exd4 21. 0-0 Bxb5 22. Ra5 c6 23. Rfa1 Kc7 24. Nf5 Qd7 25. Qf3 g6 26. Qf4+ Kb6 27. Nxh6 Qd6 28. Qxd6 Rxd6 29. Nxf7 Rd7 30. Ng5 Rdd8 31. Nf3 Ba6 32. Rg5 Rg8 33. Rb1+ Kc7 34. Rb4 Nxe4 35. dxe4 d3 36. Bxd3 Bxd3 37. Ne1 c2 38. Rc5 b6 39. Rc3 Bxe4 40. Rxe4 Rd1 41. Kh2 c1Q 42. Rxc1 Rxc1 43. Nd3 Rd1 44. Nf4 Rd6 45. Re7+ Rd7 46. Re6 Rd6 47. Re7+ Rd7 48. Re3 b5 49. Ne6+ Kb6 50. Ng5 Rgd8 51. Re6 Rd6 52. Re1 c5 53. Rc1 b4 54. Ne4 Rc6 55. Rc4 Kb5 56. Rc1 c4 57. f3 b3 58. Nc3+ Kb4 59. Nb1 c3 60. Re1 b2 61. Re4+ Rc4 62. Re7 c2 63. Rb7+ Kc5 64. Nd2 c1Q 65. Nb3+ Kd5 66. Nxc1 bxc1Q 67. Rb5+ Kc6 68. Rg5 Qxg5 69. f4 Qxf4+ 70. Kh1 Rd1# 0-1

[Event "Swiss Queens Wed #6"]
[Site "FIDE Online Arena INT"]
[Date "2024.03.06"]
[Round "4"]
[White "Shanmathi Sree, S."]
[Black "Tripurambika, V."]
[Result "1-0"]
[WhiteElo "1802"]
[BlackElo "1626"]
[PlyCount "63"]
[EventDate "2024.03.06"]
[EventType "swiss (blitz)"]
[EventRounds "11"]
[EventCountry "NET"]
[SourceTitle "CB11_2024"]
[SourceDate "2024.03.13"]
[SourceVersion "1"]
[SourceVersionDate "2024.03.13"]
[SourceQuality "1"]

1. e4 c5 2. Nf3 g6 3. d4 cxd4 4. Nxd4 Nc6 5. Nc3 Nf6 6. Be3 d6 7. f3 Bd7 8. Qd2 Bg7 9. 0-0-0 0-0 10. g4 a5 11. h4 h5 12. g5 Nh7 13. f4 Bg4 14. Be2 Bxe2 15. Ndxe2 Rb8 16. a4 Nb4 17. f5 Rc8 18. Bd4 Nc6 19. Bxg7 Kxg7 20. Rdf1 Ne5 21. Rhg1 Rc4 22. Nf4 Qc8 23. f6+ exf6 24. gxf6+ Nxf6 25. Qxd6 Neg4 26. Qd3 Rd8 27. Qf3 Ne5 28. Qg3 Nfg4 29. Nxh5+ gxh5 30. Qxe5+ Kf8 31. Qxh5 Nh2 32. Qxf7# 1-0

[Event "Swiss Queens Wed #4"]
[Site "FIDE Online Arena INT"]
[Date "2024.02.21"]
[Round "3"]
[White "Tripurambika, V."]
[Black "Shanmathi Sree, S."]
[Result "0-1"]
[WhiteElo "1329"]
[BlackElo "1600"]
[PlyCount "102"]
[EventDate "2024.02.21"]
[EventType "swiss (blitz)"]
[EventRounds "11"]
[EventCountry "NET"]
[SourceTitle "CB09_2024"]
[SourceDate "2024.02.28"]
[SourceVersion "1"]
[SourceVersionDate "2024.02.28"]
[SourceQuality "1"]

1. d4 d6 2. Nc3 c6 3. Bf4 Nf6 4. e4 Qa5 5. Bd3 e5 6. dxe5 dxe5 7. Bg5 Be7 8. Bd2 Qc7 9. Nf3 0-0 10. 0-0 Nbd7 11. Re1 Nb6 12. Bg5 h6 13. Bh4 Bg4 14. h3 Bh5 15. Bg3 Rad8 16. Bxe5 Qxe5 17. Nxe5 Bxd1 18. Raxd1 Bb4 19. a3 Bxc3 20. bxc3 Rfe8 21. Nf3 Nxe4 22. Bxe4 Rxd1 23. Rxd1 Rxe4 24. Rd8+ Kh7 25. Kf1 Re7 26. Rb8 Nc4 27. a4 a6 28. Rd8 Nb2 29. Rd4 b5 30. axb5 cxb5 31. Rd6 Ra7 32. Rb6 Na4 33. Rb8 Nxc3 34. Nd4 a5 35. Nxb5 Nxb5 36. Rxb5 a4 37. Rb2 a3 38. Ra2 Kg6 39. Ke2 Kf6 40. Ke3 Ke5 41. c4 f6 42. f4+ Ke6 43. g4 Kd6 44. Kd4 Ra4 45. Kc3 Kc5 46. Kb3 Ra8 47. Kc3 Ra4 48. Kd3 Kb4 49. h4 Kb3 50. Ra1 a2 51. c5 Kb2 0-1

[Event "Swiss Queens Wed #1"]
[Site "FIDE Online Arena INT"]
[Date "2024.01.31"]
[Round "11"]
[White "Kanyamarala, Trisha"]
[Black "Shanmathi Sree, S."]
[Result "1-0"]
[WhiteElo "2201"]
[BlackElo "1527"]
[PlyCount "129"]
[EventDate "2024.01.31"]
[EventType "swiss (blitz)"]
[EventRounds "11"]
[EventCountry "NET"]
[SourceTitle "CB06_2024"]
[SourceDate "2024.02.07"]
[SourceVersion "1"]
[SourceVersionDate "2024.02.07"]
[SourceQuality "1"]

1. d4 d5 2. c4 e6 3. Nc3 Nf6 4. cxd5 exd5 5. Bg5 Be6 6. e3 c6 7. Bd3 Nbd7 8. Nge2 Be7 9. 0-0 h6 10. Bh4 Nf8 11. f3 g5 12. Bf2 Qd7 13. e4 g4 14. f4 dxe4 15. Nxe4 Nxe4 16. Bxe4 Bf5 17. Bxf5 Qxf5 18. Ng3 Qd7 19. Qa4 h5 20. Rfe1 Kd8 21. Qa5+ Kc8 22. Qe5 Ng6 23. Qe4 Re8 24. f5 Nf8 25. f6 h4 26. Nf1 Ng6 27. fxe7 Rxe7 28. Qd3 Nf4 29. Rxe7 Nxd3 30. Rxd7 Kxd7 31. Bxh4 b5 32. b3 Re8 33. Rd1 Nf4 34. Bg3 Ne2+ 35. Kf2 Nc3 36. Re1 Ne4+ 37. Kg1 f5 38. Be5 Ke6 39. Ng3 Kd5 40. Nxe4 fxe4 41. Rc1 Rc8 42. Rc5+ Ke6 43. Kf2 Rf8+ 44. Ke3 Kd7 45. Rc2 Ke6 46. Kxe4 Kd7 47. g3 a6 48. Bf4 Re8+ 49. Kf5 Rg8 50. Bg5 a5 51. Kxg4 a4 52. bxa4 bxa4 53. h4 Kd6 54. h5 Kd5 55. h6 Rh8 56. Kh5 Kxd4 57. Bf6+ Kd3 58. Rc3+ Kd2 59. Bxh8 c5 60. Bg7 a3 61. h7 c4 62. h8Q Kd1 63. Qd8+ Ke2 64. Rc2+ Kf1 65. Qd1# 1-0

[Event "IND-ch U12 Girls"]
[Site "Srinivasapura"]
[Date "2022.04.13"]
[Round "9"]
[White "Shanmathi Sree, S."]
[Black "Saparya, Ghosh"]
[Result "0-1"]
[WhiteElo "1174"]
[BlackElo "1390"]
[PlyCount "120"]
[EventDate "2022.04.09"]
[EventType "swiss"]
[EventRounds "11"]
[EventCountry "IND"]
[SourceTitle "EXT 2023"]
[Source "ChessBase"]
[SourceDate "2022.10.05"]
[SourceVersion "1"]
[SourceVersionDate "2022.10.05"]
[SourceQuality "1"]

1. e4 c5 2. d4 cxd4 3. c3 Nf6 4. e5 Nd5 5. Nf3 e6 6. Nxd4 d6 7. exd6 Qxd6 8. Be2 a6 9. 0-0 Be7 10. Nd2 0-0 11. Re1 Nd7 12. Bf3 N7f6 13. h3 h6 14. Qc2 Rd8 15. a4 Bd7 16. c4 Nb4 17. Qc3 Nc6 18. Nc2 Rac8 19. b3 Qc7 20. Be4 Nxe4 21. Nxe4 Qe5 22. Qxe5 Nxe5 23. Ng3 Nd3 24. Re3 Nxc1 25. Rxc1 Bg5 26. Rce1 Bxe3 27. Rxe3 Bc6 28. Nh5 g6 29. Nf6+ Kg7 30. Ng4 Rd1+ 31. Kh2 a5 32. f3 Rd2 33. Ne1 Rcd8 34. Rc3 Re2 35. Nd3 Bxf3 36. Nf4 Bxg4 37. hxg4 Re4 38. Kg3 Rdd4 39. Rf3 e5 40. Nd5 Rxg4+ 41. Kh3 Rh4+ 42. Kg3 Rhg4+ 43. Kh3 Rg5 44. Nf6 Rf5 45. Rxf5 gxf5 46. Nh5+ Kg6 47. Ng3 f4 48. Ne2 Rd3+ 49. Kg4 f5+ 50. Kh4 Rxb3 51. Ng1 Rb4 52. Nf3 Kf6 53. Kh5 Rxc4 54. Kxh6 Rxa4 55. Kh5 e4 56. Ng1 Ra1 57. Nh3 Rh1 58. Kh4 Rxh3+ 59. gxh3 e3 60. Kh5 e2 0-1